|
|
|
|
| LEADER |
00000nab a2200000 a 4500 |
| 001 |
vtls000280815 |
| 003 |
SK-MaSNL |
| 005 |
20260304065646.0 |
| 008 |
250422c1986 xo 0 slo |
| 015 |
|
|
|a SNBRB19rr/mm-uuuuu
|
| 035 |
|
|
|a CL0290933
|
| 035 |
|
|
|a urn:nbn:sk:snk-ab9yd0
|
| 035 |
|
|
|a (urnnbn)urn:nbn:sk:snk:ar-a094hg
|
| 035 |
|
|
|a (uuid)26e15fc3-5c04-483f-bc95-33ed804b1d24
|
| 040 |
|
|
|a SNKBUCL
|b slo
|c SNKBUCL
|e AACR2
|
| 041 |
0 |
|
|a eng
|
| 044 |
|
|
|a xo
|c SK
|
| 080 |
|
|
|a 597.8:546.47+546.71/.+546.56+546.72
|2 1981
|
| 080 |
|
|
|a 546.47
|2 1981
|
| 080 |
|
|
|a 546.71/.
|2 1981
|
| 080 |
|
|
|a 546.56
|2 1981
|
| 080 |
|
|
|a 546.72
|2 1981
|
| 080 |
|
|
|a 546.3
|2 1981
|
| 100 |
1 |
|
|a Pavel, Jiří
|4 aut
|9 336548
|
| 245 |
1 |
0 |
|a Cumulation of heavy metals in frog (Rana esculenta)
|c Jiří Pavel, Milan Kučera
|
| 300 |
|
|
|b Tb. 4. Res. češ., rus., angl., lit. 16 zázn. v češ., ruš., nem.
|
| 650 |
0 |
7 |
|a skokan zelený
|2 snkbucl
|9 14258
|
| 650 |
0 |
7 |
|a ťažké kovy
|2 snkbucl
|9 29344
|
| 655 |
|
7 |
|a články z novín a časopisov
|2 snkbucl
|9 267496
|
| 700 |
1 |
|
|a Kučera, Milan
|4 aut
|9 6483
|
| 773 |
0 |
|
|t Ekológia (ČSSR)
|g Roč. 5, č. 4 (1986), s. 431-440
|
| 850 |
|
|
|a Slovenská národná knižnica
|
| 852 |
|
|
|a Slovenská národná knižnica
|
| 958 |
|
|
|a article13
|
| 958 |
|
|
|a NB
|
| 958 |
|
|
|a RK
|
| 958 |
|
|
|a CZ
|
| 958 |
|
|
|a OND
|
| 958 |
|
|
|a EUIPO
|
| 992 |
|
|
|a RBX
|
| 999 |
|
|
|c 2751921
|d 2753851
|